| 000 | 00523nam a2200193 a 4500 | ||
|---|---|---|---|
| 005 | 20210223121126.0 | ||
| 008 | 991125s1992 mx 000 0 spa u | ||
| 020 | _a9802570133 | ||
| 035 | _aUPN01000012717 | ||
| 049 | _aI | ||
| 050 | 4 |
_aPZ74.1 A44 _bC84 |
|
| 245 | 0 | 0 | _aCuentos de espantos y aparecidos |
| 260 |
_aMéxico : _bCIDCLI$bSEP, _c1992 |
||
| 300 |
_a89 p. : _bil. |
||
| 650 | 4 |
_aCUENTOS LATINOAMERICANOS _912678 |
|
| 650 | 4 |
_aFANTASMAS _98984 |
|
| 650 | 4 |
_aLEYENDAS LATINOAMERICANAS _923256 |
|
| 905 | _aInfantil | ||
| 999 |
_c12717 _d12717 |
||